Reformas institucionales en Colombia : (Registro nro. 5121)

Detalles MARC
000 -LEADER
fixed length control field 01369nam a2200265Ia 4500
003 - CONTROL NUMBER IDENTIFIER
control field OSt
005 - DATE AND TIME OF LATEST TRANSACTION
control field 20200331095926.0
008 - FIXED-LENGTH DATA ELEMENTS--GENERAL INFORMATION
fixed length control field 191128s2002 ck gr 000 0 spa d
020 ## - INTERNATIONAL STANDARD BOOK NUMBER
International Standard Book Number 9586823970
040 ## - CATALOGING SOURCE
Original cataloging agency CO-JMCR
Transcribing agency CO-JMCR
041 0# - LANGUAGE CODE
Language code of text/sound track or separate title spa
082 04 - DEWEY DECIMAL CLASSIFICATION NUMBER
Classification number 320.9 /
Item number A371r
Edition number 21
100 1# - MAIN ENTRY--PERSONAL NAME
Personal name Alesina, Alberto,
Relator term editor
9 (RLIN) 2240
245 10 - TITLE STATEMENT
Title Reformas institucionales en Colombia :
Remainder of title una agenda reformista para los desafíos del nuevo siglo /
Statement of responsibility, etc. editor, Alberto Alesina
250 ## - EDITION STATEMENT
Edition statement Primera edición
260 ## - PUBLICATION, DISTRIBUTION, ETC.
Place of publication, distribution, etc. Bogotá :
Name of publisher, distributor, etc. Fedesarrollo : Alfaomega,
Date of publication, distribution, etc. 2002
300 ## - PHYSICAL DESCRIPTION
Extent xliv, 286 páginas ;
Dimensions 23 cm.
504 ## - BIBLIOGRAPHY, ETC. NOTE
Bibliography, etc. note Bibliografía: páginas 285-286
505 0# - FORMATTED CONTENTS NOTE
Formatted contents note Poderes y contrapoderes : una estimación de la separación institucional de los poderes políticos en Colombia -- Sistema electoral y de partidos en Colombia : propuestas de reforma -- Crimen en Colombia : análisis y sugerencias de política
520 ## - SUMMARY, ETC.
Summary, etc. Este libro es el resultado de la colaboración intelectual entre un grupo de investigadores colombianos y extranjeros, unidos por su interés general en los aspectos institucionales del desarrollo y su interés particular en la problemática.
650 14 - SUBJECT ADDED ENTRY--TOPICAL TERM
Topical term or geographic name entry element Bancos centrales
Chronological subdivision 1990
Geographic subdivision Colombia
9 (RLIN) 2241
650 14 - SUBJECT ADDED ENTRY--TOPICAL TERM
Topical term or geographic name entry element Política monetaria
Chronological subdivision 1990
Geographic subdivision Colombia
9 (RLIN) 2242
650 14 - SUBJECT ADDED ENTRY--TOPICAL TERM
Topical term or geographic name entry element Bancos centrales
General subdivision Independencia
Geographic subdivision Colombia
9 (RLIN) 2243
942 ## - ADDED ENTRY ELEMENTS (KOHA)
Source of classification or shelving scheme Dewey Decimal Classification
Koha item type Books
Existencias
Withdrawn status Lost status Source of classification or shelving scheme Damaged status Not for loan Collection code Home library Current library Date acquired Source of acquisition Cost, normal purchase price Total Checkouts Full call number Barcode Date last seen Date last checked out Copy number Koha item type
    Dewey Decimal Classification     Non-fiction Biblioteca Pública José María del Castillo y Rada Biblioteca Pública José María del Castillo y Rada 03/31/2020 Donación 0.00 1 320.9 / A371r 430001332 05/17/2024 05/17/2024 Ej.1 Books